000 00718nam a22002657a 4500
001 BR8801412
003 BR-BrBNA
005 20230928092849.0
007 ta
008 230509b bl.||||| |||| 00| 0 por d
040 _aBR-BrBNA
_bpor
_cBiblioteca Nacional de Agricultura
041 _a(Por)
072 _aB50
_b2121
090 _ 2121 BR8801412 OBR
100 1 _aPinto, E.R.
110 1 _aSociedade Nacional de Agricultura, Rio de Janeiro, GB (Brasil)
_99932
245 1 _aO guarana. Propaganda agricola 12
260 3 _aRio de Janeiro, GB (Brasil):
_c1912.
300 _a20 p.
500 _aOBRA RARA
650 _aGUARANA
650 _aHISTORIA
909 _a202309
_bLucia
_c55
_dLucia Elande
942 _cBK
999 _c41643
_d41643